UM Logo

The impact of personal and professional guanxi relationships on leader-member exchange in the chinese hotel industry/ (Record no. 18019)

MARC details
000 -LEADER
fixed length control field 00857nam a22002177a 4500
003 - CONTROL NUMBER IDENTIFIER
control field OSt
005 - DATE AND TIME OF LATEST TRANSACTION
control field 20250214062520.0
008 - FIXED-LENGTH DATA ELEMENTS--GENERAL INFORMATION
fixed length control field 230325b ||||| |||| 00| 0 eng d
040 ## - CATALOGING SOURCE
Transcribing agency 0
082 ## - DEWEY DECIMAL CLASSIFICATION NUMBER
Classification number DPer 647.94068 In821 2020 v21 no. 1-4
100 ## - MAIN ENTRY--PERSONAL NAME
Personal name Mejia, Cynthia.
Relator term author.
9 (RLIN) 48202
245 ## - TITLE STATEMENT
Title The impact of personal and professional guanxi relationships on leader-member exchange in the chinese hotel industry/
Statement of responsibility, etc. Cynthia Mejia, Youcheng Wang,, and Xinyuan (Roy) Zhao
260 ## - PUBLICATION, DISTRIBUTION, ETC. (IMPRINT)
Place of publication, distribution, etc. United Kingdom :
Name of publisher, distributor, etc. Taylor & Francis Group,
Date of publication, distribution, etc. January-March 2020.
300 ## - PHYSICAL DESCRIPTION
Extent Volume 21, pages 65-91 illustration.
650 ## - SUBJECT ADDED ENTRY--TOPICAL TERM
Topical term or geographic name as entry element Hotels and motels.
9 (RLIN) 48203
650 #0 - SUBJECT ADDED ENTRY--TOPICAL TERM
Topical term or geographic name as entry element Service industries.
9 (RLIN) 15189
700 ## - ADDED ENTRY--PERSONAL NAME
Personal name Mejia, Cynthia.
Relator term author.
9 (RLIN) 48202
700 ## - ADDED ENTRY--PERSONAL NAME
Personal name Wang, Youcheng.
Relator term author.
9 (RLIN) 48204
700 ## - ADDED ENTRY--PERSONAL NAME
Personal name Zhao, Xinyuan (Roy).
Relator term author.
9 (RLIN) 48205
942 ## - ADDED ENTRY ELEMENTS (KOHA)
Source of classification or shelving scheme Dewey Decimal Classification
Koha item type Periodicals
Holdings
Withdrawn status Lost status Source of classification or shelving scheme Damaged status Not for loan Home library Current library Date acquired Total Checkouts Full call number Date last seen Price effective from Koha item type
    Dewey Decimal Classification     UM Digos College - LIC UM Digos College - LIC 10/26/2023   DPer 647.94068 In821 2020 v21 no. 1-4 10/26/2023 10/26/2023 Periodicals